The impact of peripheral urban land acquisition on indigenous communities' livelihood and environment around Uluguru mountains, Morogoro, Tanzania (Record no. 112548)

MARC details
000 -LEADER
fixed length control field 01038cad a22002295a 4500
001 - CONTROL NUMBER
control field E153487
008 - FIXED-LENGTH DATA ELEMENTS--GENERAL INFORMATION
fixed length control field 110802s2009 xxk f 000 0 eng d
020 1# - INTERNATIONAL STANDARD BOOK NUMBER
International Standard Book Number 9781842194607
035 ## - SYSTEM CONTROL NUMBER
System control number (Sirsi) u153487
041 0# - LANGUAGE CODE
Language code of text/sound track or separate title eng
100 1# - MAIN ENTRY--PERSONAL NAME
Personal name Mpogole, Moses
245 04 - TITLE STATEMENT
Title The impact of peripheral urban land acquisition on indigenous communities' livelihood and environment around Uluguru mountains, Morogoro, Tanzania
Medium [electronic resource]
260 ## - PUBLICATION, DISTRIBUTION, ETC.
Place of publication, distribution, etc. London
Name of publisher, distributor, etc. RICS
Date of publication, distribution, etc. 2009
490 #0 - SERIES STATEMENT
Series statement RICS Findings in Built and Rural Environments
520 ## - SUMMARY, ETC.
Summary, etc. Assesses the impact of peripheral urban land acquisition on the livelihood and environment of indigenous communities in the area of the Uluguru Mountains in Morogoro, Tanzania.
521 ## - TARGET AUDIENCE NOTE
Target audience note Advanced
651 #4 - SUBJECT ADDED ENTRY--GEOGRAPHIC NAME
Geographic name Tanzania
690 ## - LOCAL SUBJECT ADDED ENTRY--TOPICAL TERM (OCLC, RLIN)
Topical term or geographic name as entry element ENVIRONMENTAL AND LAND CONSULTANCY-LAND MANAGEMENT
700 1# - ADDED ENTRY--PERSONAL NAME
Personal name Kongela, Sophia
856 40 - ELECTRONIC LOCATION AND ACCESS
Uniform Resource Identifier <a href="https://www.rics.org/Global/Downloads/ImpactPeripheralUrbanLandAcquisitionUluguruMountainsTanzania0811.pdf">https://www.rics.org/Global/Downloads/ImpactPeripheralUrbanLandAcquisitionUluguruMountainsTanzania0811.pdf</a>
Public note Broken link - not available
942 ## - ADDED ENTRY ELEMENTS (KOHA)
Suppress in OPAC 0
Holdings
Withdrawn status Lost status Source of classification or shelving scheme Damaged status Not for loan Home library Current library Shelving location Date acquired Total Checkouts Full call number Barcode Date last seen Copy number Price effective from Koha item type
    Dewey Decimal Classification     Virtual Virtual Online 02/08/2011   ONLINE PUBLICATION 153487-1001 06/08/2019 1 06/08/2019 Book